000 00468nmm a2200169Ia 4500
008 251105s9999||||xx |||||||||||||||||und||
020 _a9788493825607
041 _aspa
100 _aSan Nicasio, Germán
245 0 _aLa cárcel de Jackson Pollock
264 _a[Madrid, España] :
_bEutelequia,
_c2010
300 _a210 páginas
490 _aNarrativa
650 _aSpanish narrative
856 _uhttps://public.digitaliapublishing.com/a/17477
942 _cCF
999 _c89244
_d89244